ბათუმის შოთა რუსთაველის სახელმწიფო უნივერსიტეტის ბიბლიოთეკა

მეხილეობა (ბიბ.ჩანაწერი № 44605)

000 -LEADER
fixed length control field 00714nam a2200229Ia 4500
001 - CONTROL NUMBER
control field 11408
003 - CONTROL NUMBER IDENTIFIER
control field GE_BSU
008 - FIXED-LENGTH DATA ELEMENTS--GENERAL INFORMATION
fixed length control field 181216s||||||||xx |||||||||||||| ||und||
040 ## - CATALOGING SOURCE
Transcribing agency GE_BSU
080 ## - UNIVERSAL DECIMAL CLASSIFICATION NUMBER
Universal Decimal Classification number 634(075.3)
100 ## - MAIN ENTRY--PERSONAL NAME
Personal name კაჭარავა პ. მაღალაშვილი ი.
245 ## - TITLE STATEMENT
Title მეხილეობა
245 ## - TITLE STATEMENT
Remainder of title სახელმძღვანელო IX-XI კლასებისათვის
245 ## - TITLE STATEMENT
Statement of responsibility, etc. რედ: გ. გაბაშვილი
260 ## - PUBLICATION, DISTRIBUTION, ETC.
Place of publication, distribution, etc. თბილისი.
260 ## - PUBLICATION, DISTRIBUTION, ETC.
Name of publisher, distributor, etc. ცოდნა
260 ## - PUBLICATION, DISTRIBUTION, ETC.
Date of publication, distribution, etc. 1962
300 ## - PHYSICAL DESCRIPTION
Extent 292გვ.22სმ.
300 ## - PHYSICAL DESCRIPTION
Accompanying material ილ.ცხრ.
653 ## - INDEX TERM--UNCONTROLLED
Uncontrolled term მეხილეობა
942 ## - ADDED ENTRY ELEMENTS (KOHA)
Koha item type წიგნი
ეგზემპლარები
Withdrawn status Lost status Damaged status Not for loan Date acquired Barcode Date last seen Price effective from Koha item type
        2018-12-17 19897 2018-12-17 2018-12-17 წიგნი
        2018-12-17 19898 2018-12-17 2018-12-17 წიგნი
        2018-12-17 19899 2018-12-17 2018-12-17 წიგნი
        2018-12-17 19900 2018-12-17 2018-12-17 წიგნი
        2018-12-17 19901 2018-12-17 2018-12-17 წიგნი
        2018-12-17 19902 2018-12-17 2018-12-17 წიგნი
        2018-12-17 19903 2018-12-17 2018-12-17 წიგნი
        2018-12-17 19906 2018-12-17 2018-12-17 წიგნი
        2018-12-17 19907 2018-12-17 2018-12-17 წიგნი
        2018-12-17 19908 2018-12-17 2018-12-17 წიგნი
        2018-12-17 19909 2018-12-17 2018-12-17 წიგნი
        2018-12-17 19910 2018-12-17 2018-12-17 წიგნი
        2018-12-17 19911 2018-12-17 2018-12-17 წიგნი
        2018-12-17 19912 2018-12-17 2018-12-17 წიგნი
        2018-12-17 19913 2018-12-17 2018-12-17 წიგნი
        2018-12-17 19914 2018-12-17 2018-12-17 წიგნი
        2018-12-17 19915 2018-12-17 2018-12-17 წიგნი
        2018-12-17 19916 2018-12-17 2018-12-17 წიგნი